Statistics for Regular French Verb Conjugation

Click here to take the quiz!

General Stats

  • This quiz has been taken 389 times
  • The average score is 44 of 96

Answer Stats

GuideAnswer% Correct
Presentaide
96%
aides
87%
aide
84%
aidons
83%
aidez
82%
aident
78%
Passé compaidé
72%
futureaiderai
69%
Presentfinis
65%
Imperfectaidais
64%
Presenttends
63%
finis
62%
Conditionalaiderais
61%
aideras
61%
finit
60%
tend
60%
tends
60%
aidais
59%
aidera
59%
tendons
59%
aiderons
58%
tendez
58%
aiderto help
58%
aidait
56%
aiderais
56%
aiderez
56%
tendent
56%
aiderait
54%
aidions
54%
aidiez
53%
aiderions
52%
aideriez
51%
Passé compfini
51%
aidaient
50%
aideront
50%
finissons
50%
Subjunctiveaide
49%
finissez
49%
aideraient
48%
finissent
47%
aides
46%
futurefinirai
46%
futuretendrai
46%
aide
45%
tendras
43%
finiras
42%
Imperfecttendais
42%
tendais
42%
tendra
42%
Conditionaltendrais
42%
finirto finish
42%
finira
41%
Conditionalfinirais
41%
tendait
41%
tendrais
41%
tendrait
41%
tendrez
41%
tendrons
41%
Passé comptendu
41%
finirais
39%
finirons
39%
aidiez
38%
aidions
38%
finirait
38%
finirez
38%
tendiez
38%
tendions
38%
tendront
38%
tendriez
37%
tendrions
37%
aident
36%
finirions
36%
Imperfectfinissais
36%
tendaient
36%
finiriez
35%
finissais
35%
finissait
35%
finiront
34%
tendraient
34%
finissiez
33%
finissions
33%
Subjunctivetende
32%
finiraient
31%
tende
31%
tendes
31%
finissaient
29%
tendiez
29%
tendions
29%
Subjunctivefinisse
28%
tendent
28%
finisses
27%
finisse
26%
finissiez
25%
finissions
25%
finissent
21%
tendreto strive
4%

Score Distribution

Percentile by Number Answered

Percent of People with Each Score

Your Score History

You have not taken this quiz